01003cam a2200265 a 4500999001500000001000600015003000900021005001700030008004100047020001500088040002800103082002000131100001900151245014300170260005900313300004500372504005100417650004200468650003200510650002200542700002100564700002200585942001200607952011800619 c6148d614810232BD-DhUAP20201227104834.0201227r20061998bg a b 001 0 eng  a8185617643 aDLCcDLCdBD-DhUAPbeng00a808.066 BAU223 aBaugh, L. Sue. aHow to write first-class business correspondence :bthe handbook for business writing /cL. Sue Baugh, Maridell Fryar and David A. Thomas. aBoston : bMcGraw-Hill/Irwin,cc1998 [Reprinted 2006]. aix, 302 pages :billustrations ;c22 cm. aIncludes bibliographical references and index. aEnglish language -- Business English. aCommercial correspondence.  aBusiness writing. aFryar, Maridell. aThomas, David A.  2ddccBK 00102ddc4070aUAPCLbUAPCLcGeneral Stacksd2020-12-27o808.066 BAUp3010010232r2020-12-27t1w2020-12-27yBK